Los Angeles Kings Leaders - Statistics

General Stats
  • This quiz has been taken 82 times
    24 since last reset
  • The average score is 34 of 105
Answer Stats
Stat Number Answer % Correct
Most Goals 452 Anže Kopitar
95%
Most Assists 864 Anže Kopitar
95%
Most Points 1316 Anže Kopitar
95%
Most Games Played 1521 Anže Kopitar
95%
Most Game Winning Goals 79 Anže Kopitar
95%
Most Games Played (Goalie) 743 Jonathan Quick
90%
Most Wins 370 Jonathan Quick
90%
Most Shutouts 57 Jonathan Quick
90%
Best Career Save Percentage .911 Jonathan Quick
90%
Best Career Goals Against Average 2.46 Jonathan Quick
90%
Most Goals 550 Marcel Dionne
80%
Most Assists 757 Marcel Dionne
80%
Most Points 1307 Marcel Dionne
80%
Most Games Played 921 Marcel Dionne
80%
Most Game Winning Goals 59 Marcel Dionne
80%
Most Goals 557 Luc Robitaille
70%
Most Assists 597 Luc Robitaille
70%
Most Points 1114 Luc Robitaille
70%
Most Games Played 1077 Luc Robitaille
70%
Most Game Winning Goals 73 Luc Robitaille
70%
Most Goals 246 Wayne Gretzky
70%
Most Assists 672 Wayne Gretzky
70%
Most Points 918 Wayne Gretzky
70%
Most Goals 325 Dustin Brown
60%
Most Assists 387 Dustin Brown
60%
Most Points 712 Dustin Brown
60%
Most Games Played 1296 Dustin Brown
60%
Most Game Winning Goals 42 Dustin Brown
60%
Most Assists 544 Drew Doughty
55%
Most Points 709 Drew Doughty
55%
Most Games Played 1279 Drew Doughty
55%
Most Game Winning Goals 34 Drew Doughty
55%
Most Game Winning Goals 44 Jeff Carter
45%
Most Goals 230 Adrian Kempe
40%
Most Game Winning Goals 40 Adrian Kempe
40%
Most Games Played (Goalie) 119 Darcy Kuemper
40%
Most Wins 60 Darcy Kuemper
40%
Most Shutouts 11 Darcy Kuemper
40%
Best Career Goals Against Average 2.35 Darcy Kuemper
40%
Most Assists 333 Rob Blake
35%
Most Points 494 Rob Blake
35%
Most Games Played 805 Rob Blake
35%
Most Game Winning Goals 29 Rob Blake
35%
Most Goals 431 Dave Taylor
25%
Most Assists 638 Dave Taylor
25%
Most Points 1069 Dave Taylor
25%
Most Games Played 1111 Dave Taylor
25%
Most Game Winning Goals 47 Dave Taylor
25%
Most Games Played (Goalie) 360 Kelly Hrudey
25%
Most Wins 145 Kelly Hrudey
25%
Most Shutouts 10 Kelly Hrudey
25%
Best Career Save Percentage .895 Kelly Hrudey
25%
Most Goals 327 Bernie Nicholls
15%
Most Assists 431 Bernie Nicholls
15%
Most Points 758 Bernie Nicholls
15%
Most Shutouts 7 Peter Budaj
15%
Most Games Played (Goalie) 389 Rogie Vachon
15%
Most Wins 171 Rogie Vachon
15%
Most Shutouts 32 Rogie Vachon
15%
Best Career Save Percentage .901 Rogie Vachon
15%
Best Career Goals Against Average 2.86 Rogie Vachon
15%
Most Wins 44 Calvin Petersen
10%
Best Career Save Percentage .905 Calvin Petersen
10%
Best Career Goals Against Average 2.92 Calvin Petersen
10%
Most Games Played (Goalie) 136 Félix Potvin
10%
Most Wins 61 Félix Potvin
10%
Most Shutouts 14 Félix Potvin
10%
Best Career Save Percentage .905 Félix Potvin
10%
Best Career Goals Against Average 2.35 Félix Potvin
10%
Most Shutouts 7 Gerry Desjardins
10%
Most Shutouts 7 Martin Jones
10%
Most Game Winning Goals 28 Mike Murphy
10%
Most Games Played 816 Trevor Lewis
10%
Most Goals 275 Butch Goring
5%
Most Assists 384 Butch Goring
5%
Most Points 659 Butch Goring
5%
Most Games Played 736 Butch Goring
5%
Most Game Winning Goals 28 Butch Goring
5%
Best Career Save Percentage .895 Byron Dafoe
5%
Most Goals 222 Charlie Simmer
5%
Most Games Played (Goalie) 240 Mario Lessard
5%
Most Wins 92 Mario Lessard
5%
Most Shutouts 9 Mario Lessard
5%
Most Games Played (Goalie) 119 Roland Melanson
5%
Best Career Save Percentage .911 Darcy Kuemper
0%
Most Games Played (Goalie) 155 Gary Edwards
0%
Most Wins 54 Gary Edwards
0%
Most Shutouts 7 Gary Edwards
0%
Most Games Played (Goalie) 205 Jamie Storr
0%
Most Wins 85 Jamie Storr
0%
Most Shutouts 16 Jamie Storr
0%
Best Career Save Percentage .910 Jamie Storr
0%
Best Career Goals Against Average 2.53 Jamie Storr
0%
Best Career Save Percentage .904 Jason LaBarbera
0%
Best Career Goals Against Average 2.93 Jason LaBarbera
0%
Most Wins 44 Mathieu Garon
0%
Best Career Save Percentage .898 Mathieu Garon
0%
Best Career Goals Against Average 3.03 Mathieu Garon
0%
Most Games Played 780 Mattias Norström
0%
Most Games Played (Goalie) 200 Stéphane Fiset
0%
Most Wins 80 Stéphane Fiset
0%
Most Shutouts 10 Stéphane Fiset
0%
Best Career Save Percentage .907 Stéphane Fiset
0%
Best Career Goals Against Average 2.82 Stéphane Fiset
0%
Best Career Goals Against Average 3.36 Wayne Rutledge
0%
No matching quizzes found
Score Distribution
Percent of People with Each Score
Percentile by Number Answered
Your Score History
You have not taken this quiz since the last reset